| 000 | 00464cam a22001337a 4500 | ||
|---|---|---|---|
| 008 | 180718b1954 xxu||||| |||| 00| 0 eng d | ||
| 082 | _aI213x73 C743 | ||
| 245 |
_aLegislative-executive relationship in the government of the United States _cedited by O.B. Conaway |
||
| 260 |
_aWashington _bGraduate School, Department of Agriculture _c1954 |
||
| 300 | _a64p. | ||
| 650 | _aLegislative Committees - USA | ||
| 650 | _aExecutive Branch - USA | ||
| 700 | _aConaway, O.B. | ||
| 999 |
_c362794 _d362794 |
||